[Event "21st North Sea Cup"]
[Site "Esbjerg DEN"]
[Date "2006.07.15"]
[Round "9"]
[White "Lindestrom,T"]
[Black "Schoning,L"]
[Result "1-0"]
[WhiteElo "2241"]
[BlackElo "1884"]

1.d4 d5 2.Bg5 Nf6 3.e3 e6 4.Nd2 Be7 5.Bd3 Nbd7 6.f4 c5 7.c3 h6 8.Bh4 Ng8
9.Bg3 h5 10.Ngf3 f5 11.Ne5 Rh6 12.c4 Ngf6 13.Qa4 Ne4 14.Nb3 Kf8 15.Bxe4 fxe4
16.O-O cxd4 17.Nxd4 Nb6 18.Qc2 h4 19.Be1 Bf6 20.c5 Bxe5 21.fxe5+ Kg8 22.cxb6 axb6
23.Bb4 Qg5 24.Rf8+ Kh7 25.Qf2 Qxe5 26.a3 h3 27.g3 Rf6 28.Rxf6 Qxf6 29.Rc1 Qxf2+
30.Kxf2 e5 31.Nb5 Bd7 32.Nc7 Rf8+ 33.Bxf8  1-0

[Event "6th TCh-Euro u18"]
[Site "Balatonlelle HUN"]
[Date "2006.07.18"]
[Round "7"]
[White "Martinovic,Sa"]
[Black "Huschenbeth,N"]
[Result "1-0"]
[WhiteElo "2367"]
[BlackElo "2312"]

1.d4 Nf6 2.Bg5 d5 3.Bxf6 gxf6 4.e3 c6 5.c4 f5 6.Nc3 e6 7.Nf3 Nd7 8.cxd5 cxd5
9.Qa4 a6 10.h3 Rb8 11.g4 b5 12.Qb3 fxg4 13.hxg4 Bd6 14.Bd3 Qf6 15.Ke2 h6
16.Rag1 Bb7 17.a3 Ke7 18.Nh4 Ba8 19.f4 b4 20.axb4 Rxb4 21.Qc2 Rhb8 22.Nd1 Qh8
23.g5 Bxf4 24.exf4 Qxd4 25.Nf3 Qxf4 26.Rh4 Qd6 27.Rxb4 Qxb4 28.gxh6 Qf4 29.Qd2 Qf6
30.Qg5 Rh8 31.h7 Qxg5 32.Nxg5 Kf8 33.Bxa6 Nc5 34.Bb5 f6 35.b4 fxg5 36.bxc5 Rxh7
37.Nf2 Rb7 38.Rb1 Rb8 39.Nd3 Bc6 40.Rf1+  1-0

[Event "6th TCh-Euro u18 Girls"]
[Site "Balatonlelle HUN"]
[Date "2006.07.18"]
[Round "7"]
[White "Paulet,I"]
[Black "Mader,Ma"]
[Result "1-0"]
[WhiteElo "2123"]
[BlackElo "2163"]

1.d4 Nf6 2.Bg5 g6 3.Bxf6 exf6 4.e3 d5 5.g3 Bd6 6.c4 c6 7.cxd5 Bb4+ 8.Nc3 Qxd5
9.Qf3 Qd8 10.Bg2 h5 11.Ne2 Be6 12.O-O O-O 13.h3 Nd7 14.Nf4 Nb6 15.Rfc1 f5
16.Qe2 h4 17.g4 Qg5 18.Nxe6 fxe6 19.f4 Qe7 20.g5 Kg7 21.a3 Bd6 22.b4 Nd5
23.Na4 a5 24.Nc5 axb4 25.axb4 Nxb4 26.Rab1 Bxc5 27.dxc5 Nd5 28.Qb2+ Kg8 29.Qe5 Rfd8
30.Rb3 Ra5 31.Rcb1 Rd7 32.Qb8+ Rd8 33.Qe5 Ra7 34.Bxd5 cxd5 35.Rb6 Kf7 36.Qd4 Rc8
37.R6b5 Kg8 38.Qe5 Kf7 39.c6 bxc6 40.Rb8 Rac7 41.R1b7 Qd8 42.Rxc8  1-0

[Event "6th TCh-Euro u18"]
[Site "Balatonlelle HUN"]
[Date "2006.07.18"]
[Round "7"]
[White "Vass,F"]
[Black "Berczes,D"]
[Result "1/2-1/2"]
[WhiteElo "2339"]
[BlackElo "2461"]

1.d4 Nf6 2.Bg5 d5 3.e3 c5 4.Nf3 Nc6 5.c3 Qb6 6.Qb3 c4 7.Qc2 Bf5 8.Qc1 Ne4
9.Bf4 e6 10.Be2 Be7 11.Nbd2 Qa5 12.Nxe4 Bxe4 13.O-O b5 14.b4 Qb6 15.Ne5 Nxe5
16.Bxe5 O-O 17.Qb2 a5 18.a3 Ra6 19.Ra2 Rfa8 20.Rfa1 R8a7 21.Bg3 Qb7 22.Bd1 Bd3
23.f4 Bd6 24.Be1 f6 25.a4 axb4 26.cxb4 bxa4 27.Rxa4 Rxa4 28.Rxa4 Rxa4 29.Bxa4 Qa7
30.Bc6 Qa6 31.b5 Qa4 32.Qc3 Be4 33.Kf2 h6 34.Qa5  1/2-1/2

[Event "Politiken Cup"]
[Site "Copenhagen DEN"]
[Date "2006.07.23"]
[Round "2"]
[White "Schultz Pedersen,J"]
[Black "Martin,K"]
[Result "1-0"]
[WhiteElo "2203"]
[BlackElo "1939"]

1.d4 Nf6 2.Bg5 g6 3.Bxf6 exf6 4.e3 d5 5.c4 Bg7 6.Nc3 dxc4 7.Bxc4 Nc6 8.Nge2 O-O
9.Rc1 Ne7 10.O-O c6 11.b4 Be6 12.Bxe6 fxe6 13.Nf4 Qd7 14.Qb3 Nd5 15.Nd3 Nxc3
16.Rxc3 Rfe8 17.Nc5 Qf7 18.b5 Rac8 19.Rfc1 cxb5 20.Qxb5 Re7 21.Ne4 Rd8 22.g3 e5
23.Rc8 Qf8 24.Nd6 Red7 25.dxe5 Rxd6 26.Qc4+ Rd5 27.Rxd8 Qxd8 28.Rd1 fxe5
29.Rxd5  1-0

[Event "XLVIII TCh-POR"]
[Site "Evora POR"]
[Date "2006.07.24"]
[Round "3"]
[White "Guerra,Vi"]
[Black "Saatdjian,T"]
[Result "0-1"]
[WhiteElo "2215"]
[BlackElo "2202"]

1.d4 Nf6 2.Bg5 c5 3.Bxf6 gxf6 4.d5 Qb6 5.b3 f5 6.c3 Bg7 7.Qc2 Qf6 8.e3 Na6
9.Bc4 Nc7 10.a4 d6 11.Ne2 O-O 12.O-O Bd7 13.Na3 a6 14.a5 Kh8 15.Rfd1 Rg8
16.Rac1 Qg6 17.Nf4 Qg5 18.Bf1 Ne8 19.Nc4 Nf6 20.Nb6 Rae8 21.b4 cxb4 22.cxb4 Bb5
23.Bxb5 axb5 24.f3 e5 25.dxe6 fxe6 26.Qd2 d5 27.Rc7 d4 28.Qe2 dxe3 29.Nh3 Qh4
30.Kh1 Qxb4 31.Ng5 Rgf8 32.Rxb7 Qxa5 33.Nd7 Nxd7 34.Rdxd7 Qa1+ 35.Rd1 Qc3
36.h3 Rb8 37.Ra7 Ra8 38.Rb7 Ra1 39.Rxb5 Rxd1+ 40.Qxd1 Qd2 41.Qg1 e2 42.Rb1 Qxg5
43.Re1 Qd2 44.Qf2 Bd4 45.Qh4 Bc3 46.Kh2 Qxe1  0-1

[Event "Czech Open A"]
[Site "Pardubice CZE"]
[Date "2006.07.24"]
[Round "4"]
[White "Cifka,S"]
[Black "Shifman,Mi"]
[Result "1-0"]
[WhiteElo "2342"]
[BlackElo "2029"]

1.d4 Nf6 2.Bg5 g6 3.Bxf6 exf6 4.g3 Bg7 5.Bg2 f5 6.e3 O-O 7.Ne2 d6 8.O-O Nd7
9.c4 Nf6 10.Nbc3 Re8 11.Qd3 Qe7 12.Nd5 Qd8 13.Nxf6+ Bxf6 14.b4 Rb8 15.Rac1 c6
16.Rfd1 Be7 17.Nf4 Bd7 18.d5 a5 19.dxc6 bxc6 20.b5 cxb5 21.c5 Be6 22.Nxe6 fxe6
23.cxd6 Bf6 24.Bc6 Rf8 25.Bxb5 Qb6 26.a4 Rbd8 27.Rc6 Qb8 28.Qc4  1-0

[Event "10th Battle of Senta 1697 Open"]
[Site "Senta SCG"]
[Date "2006.07.25"]
[Round "6"]
[White "Sinka,I"]
[Black "Lajthajm,B"]
[Result "0-1"]
[WhiteElo "2336"]
[BlackElo "2507"]

1.d4 Nf6 2.Bg5 d5 3.Bxf6 exf6 4.e3 Be6 5.Bd3 c6 6.Nd2 Bd6 7.Ne2 Nd7 8.Ng3 g6
9.O-O h5 10.e4 h4 11.Nf5 gxf5 12.exf5 Qc7 13.fxe6 Bxh2+ 14.Kh1 fxe6 15.Bg6+ Kd8
16.Nf3 Bf4 17.c4 f5 18.cxd5 cxd5 19.Ne5 Bxe5 20.Rc1 Qd6 21.dxe5 Nxe5 22.Qd4 Nxg6
23.Qg7 Qe7 24.Qxg6 Kd7 25.Rfd1 Kd6  0-1

[Event "MTO Open"]
[Site "Biel SUI"]
[Date "2006.07.26"]
[Round "3"]
[White "Cebalo,M"]
[Black "Ermeni,A"]
[Result "1-0"]
[WhiteElo "2505"]
[BlackElo "2311"]

1.d4 Nf6 2.Bg5 d5 3.e3 c6 4.Bd3 Qb6 5.Qc1 Nbd7 6.Nf3 g6 7.O-O Bg7 8.c4 dxc4
9.Bxc4 O-O 10.Nc3 Qa5 11.Rb1 e5 12.b4 Qc7 13.Rd1 exd4 14.Nb5 Qb6 15.Nbxd4 Ne4
16.Bf4 Ndf6 17.h3 Nd5 18.Bxd5 cxd5 19.Bc7 Qa6 20.Qc2 Bd7 21.Rdc1 b6 22.Qb3 Qb7
23.Rc2 Rac8 24.Rbc1 Rfe8 25.a4 Bf8 26.Ne5 Re7 27.Nxd7 Rxd7 28.Be5 Rxc2 29.Rxc2 Bd6
30.Nc6 Bxe5 31.Nxe5 Rd6 32.f3 Nf6 33.b5 d4 34.Rc6 Ne8 35.Rxd6 Nxd6 36.exd4 Nf5
37.Qc4 Qe7 38.g4 Nh4 39.Kf2 Kg7 40.Qd5 Kg8 41.Qd7 Qf6 42.Qxa7  1-0

[Event "Politiken Cup"]
[Site "Copenhagen DEN"]
[Date "2006.07.26"]
[Round "5"]
[White "Snahre,Stig Allan"]
[Black "Hartsteen,M"]
[Result "0-1"]
[WhiteElo "1594"]
[BlackElo "1973"]

1.d4 Nf6 2.Bg5 d5 3.Bxf6 gxf6 4.e3 Nc6 5.c4 dxc4 6.Bxc4 Bf5 7.Nc3 e6 8.Nge2 Bd6
9.a3 Qd7 10.Bd3 Bxd3 11.Qxd3 O-O-O 12.Ne4 f5 13.Nxd6+ Qxd6 14.Qc2 Rhg8 15.g3 Qd5
16.O-O-O Rd6 17.Nc3 Qa5 18.Qa4 Qb6 19.Qb5 Na5 20.Qxb6 Rxb6 21.Rhe1 Rc6 22.Kb1 Nc4
23.Ka2 Rd8 24.Re2 Nd6 25.Kb1 Rb6 26.Ka2 Nc4 27.Rc1 Nd6 28.Rcc2 Rg8 29.Na4 Rb5
30.Nc5 Ne4 31.Nxe4 fxe4 32.Kb1 Rg6 33.Kc1 c6 34.Red2 Kd7 35.Kd1 Ke7 36.Ke1 Kf6
37.Kf1 Rh5 38.h4 Rf5 39.Kg2 Rh5 40.Kh3 Rgg5 41.Re2 Rb5 42.Red2 Rb3 43.Kg2 Rhb5
44.Kh3 Rd3 45.Kg4 Ke7 46.Re2 f5+ 47.Kf4 Kf6 48.f3 exf3 49.Kxf3 Rbb3 50.Kf4 Rd1
51.Kf3 Rxd4 52.Kf2 Rg4 53.Rcd2 Ke7 54.Re1 Re4 55.Ree2 h6 56.Re1 Rg4 57.Ree2 f4
58.gxf4 Rxh4 59.Kg3 Rh1 60.Kg2 Rh5 61.Kg3 Rd5 62.Rc2 Rd8 63.Kf3 Rf8 64.Ke4 Rb5
65.Rh2 h5 66.Rcg2 Kf6 67.Kf3 e5 68.Rd2 Ke6 69.Ke2 exf4 70.exf4 Rxf4 71.Rg2 h4
72.Rg8 Rd5 73.Rc2 Rdf5 74.Rg2 Rh5 75.Rh2 Rg4 76.Kf1 Rhg5 77.Rce2+ Kf6 78.Ke1 Re5
79.Kf1 Rxe2 80.Kxe2 Kg5 81.Kf2 Rg3 82.Kf1 Kg4 83.Rd2 Rf3+ 84.Kg1 h3 85.Rd7 Rb3
86.Rd2 Rg3+ 87.Kf1 Rf3+ 88.Kg1 Kg3 89.Rh2 Re3  0-1

[Event "Open"]
[Site "Kiel GER"]
[Date "2006.07.26"]
[Round "7"]
[White "Bunk,K"]
[Black "Joppien,A"]
[Result "1-0"]
[WhiteElo "2179"]
[BlackElo "2054"]

1.d4 Nf6 2.Bg5 c5 3.Bxf6 gxf6 4.d5 d6 5.c4 Bg7 6.Qc2 Nd7 7.e3 Ne5 8.h3 Qb6
9.Nd2 Bd7 10.f4 Ng6 11.Ngf3 O-O-O 12.Bd3 e5 13.dxe6 fxe6 14.Bxg6 hxg6 15.Qxg6 Rdg8
16.Qc2 f5 17.O-O-O Ba4 18.b3 Bd7 19.Ng5 Bf6 20.Ndf3 Rg7 21.Rd2 Rd8 22.Rhd1 Be7
23.Qc3 Bf8 24.h4 Kc7 25.h5 Bc8 26.Qf6 Re7 27.h6 Ree8 28.h7 Be7 29.Nxe6+ Bxe6
30.Qxe6 Bh4 31.Qf7+ Re7 32.Qxf5 Qb4 33.Nxh4 Qc3+ 34.Kb1 Rxe3 35.Ng6 Re1 36.Rxe1 Qxd2
37.Re7+ Kb6 38.Qd5 Qf2 39.Qxb7+  1-0

[Event "Czech Open A"]
[Site "Pardubice CZE"]
[Date "2006.07.26"]
[Round "6"]
[White "Leon Hoyos,M"]
[Black "Hasanova,E"]
[Result "1-0"]
[WhiteElo "2436"]
[BlackElo "2340"]

1.d4 Nf6 2.Bg5 c5 3.Bxf6 gxf6 4.d5 Qb6 5.Qc1 f5 6.e3 d6 7.c4 Nd7 8.Nc3 Rg8
9.Qc2 a6 10.Nge2 Ne5 11.O-O-O Bd7 12.Ng3 e6 13.e4 Bh6+ 14.Kb1 f4 15.Nh5 Ke7
16.g3 Ng6 17.dxe6 fxe6 18.e5 Nxe5 19.Qxh7+ Nf7 20.Bh3 Rg5 21.Nxf4 Bg7 22.Qxg7 Rxg7
23.Nfd5+ exd5 24.Nxd5+ Kf8 25.Nxb6 Bxh3 26.Nxa8 Bg2 27.Rhe1 b5 28.Nb6 Rg4
29.f4 bxc4 30.Nxc4 Rg6 31.f5 Rf6 32.g4 Bf3 33.g5 Nxg5 34.Rxd6 Rxf5 35.Rd8+ Kg7
36.Nd6 Rf4 37.Rg1 Bg4 38.b3 Kh7 39.Re1 Kg7 40.Re7+ Kh6 41.Rh8+ Kg6 42.Rg8+ Kh6
43.Reg7 Bf5+ 44.Nxf5+ Rxf5 45.Rxg5  1-0

[Event "Czech Open A"]
[Site "Pardubice CZE"]
[Date "2006.07.27"]
[Round "7"]
[White "Doric,D"]
[Black "Dziuba,M"]
[Result "1/2-1/2"]
[WhiteElo "2420"]
[BlackElo "2511"]

1.d4 Nf6 2.Bg5 c5 3.Bxf6 gxf6 4.d5 Qb6 5.Qc1 f5 6.c4 Bg7 7.Nc3 d6 8.e3 Nd7
9.Qc2 Qa5 10.Nf3 Nf6 11.Bd3 Ne4 12.Bxe4 fxe4 13.Nd2 f5 14.O-O Bd7 15.a3 h5
16.f3 exf3 17.Nxf3 h4 18.Rae1 O-O-O 19.Ng5 Rdf8 20.Nh3 Be5 21.Nf4 Rfg8 22.Rb1 Rg4
23.Nce2 Rhg8 24.Kf2 Kb8 25.Qd3 Qb6 26.Rfc1 a5 27.b3 Kc7 28.Qd2 Qa7 29.h3 R4g5
30.b4 axb4 31.axb4 Ra8 32.bxc5 dxc5 33.Rb3 Qa2 34.Qxa2 Rxa2 35.Rcb1 b5 36.cxb5 Kb6
37.Rc1 Ra4 38.Rcb1 Rg8 39.Kf3 c4 40.Rb4 Rxb4 41.Rxb4 Bxb5 42.Rb1 Ka5 43.Rc1 Kb4
44.Rb1+ Ka4 45.Ne6 c3 46.Nc5+ Ka5 47.Nb3+ Ka4 48.Nc5+ Ka5  1/2-1/2

[Event "Czech Open A"]
[Site "Pardubice CZE"]
[Date "2006.07.27"]
[Round "7"]
[White "Krysztofiak,M"]
[Black "Mamedov,Rau"]
[Result "1/2-1/2"]
[WhiteElo "2388"]
[BlackElo "2561"]

1.d4 Nf6 2.Bg5 g6 3.Bxf6 exf6 4.e3 f5 5.c4 Bg7 6.Nc3 O-O 7.g3 d6 8.Bg2 Nd7
9.Nge2 h5 10.O-O h4 11.b4 hxg3 12.hxg3 Nf6 13.Nf4 Ng4 14.Bf3 Re8 15.Qd3 c6
16.b5 Bd7 17.bxc6 bxc6 18.Rab1 Qc7 19.Rb3 Rab8 20.Rfb1 Rxb3 21.Rxb3 Bc8 22.Ra3 a6
23.Qc2 c5 24.Ncd5 Qa7 25.dxc5 Ne5 26.Bg2 Qxc5 27.Qa4 Kf8 28.Rb3 g5  1/2-1/2

[Event "Politiken Cup"]
[Site "Copenhagen DEN"]
[Date "2006.07.28"]
[Round "7"]
[White "Urkedal,F"]
[Black "Muratet Casadevall,A"]
[Result "0-1"]
[WhiteElo "2069"]
[BlackElo "2216"]

1.d4 Nf6 2.Bg5 d5 3.Bxf6 exf6 4.e3 c6 5.c4 dxc4 6.Bxc4 Bd6 7.Nc3 O-O 8.Nf3 Nd7
9.O-O f5 10.Qc2 Nf6 11.Rac1 Qe7 12.Rfd1 Re8 13.Bf1 Ne4 14.g3 b5 15.Bg2 Bb7
16.Nxe4 fxe4 17.Nd2 f5 18.Nb3 Rad8 19.Nc5 Bc8 20.Rd2 g6 21.Qc3 h5 22.h4 Kh7
23.Rdc2 g5 24.hxg5 Qxg5 25.Kf1 h4 26.Ke2 hxg3 27.Rh1+ Kg6 28.Kd1 gxf2 29.Rxf2 b4
30.Qc1 Qg3 31.Re2 Rh8 32.Rxh8 Rxh8 33.Kd2 Rh2 34.Qc4 Kf6 35.Bf1 Rh1 36.Rg2 Rh2
37.Rxh2 Qxh2+ 38.Be2 Qg2 39.Nb3 f4 40.Qxc6 fxe3+ 41.Kd1 Qg1+ 42.Kc2 Qh2 43.Nc1 Bg4
44.Qa6 Kg5 45.Qa5+ Kf6 46.Qa6 Bf3 47.Kb3 Kg5 48.Qa5+ Kg4 49.Qb5 Bxe2 50.Nxe2 Kf3
51.Nc1 e2 52.Qf5+ Bf4 53.Nxe2 Qxe2 54.Qh5+ Ke3 55.Qh3+ Qf3 56.Qh4 Kd2+ 57.Kxb4 e3
58.d5 e2 59.Qh8 e1=Q 60.Qd4+ Kc2+  0-1

[Event "Czech Open A"]
[Site "Pardubice CZE"]
[Date "2006.07.29"]
[Round "9"]
[White "Doric,D"]
[Black "Tjurin,A"]
[Result "1/2-1/2"]
[WhiteElo "2420"]
[BlackElo "2344"]

1.d4 Nf6 2.Bg5 g6 3.Bxf6 exf6 4.c4 d6 5.e3 Bg7 6.Nc3 f5 7.g3 Nd7 8.Bg2 O-O
9.Nge2 Nf6 10.b4 c6 11.Rb1 a6 12.a4 Be6 13.Qd3 d5 14.cxd5 cxd5 15.O-O Qd6
16.a5 Bd7 17.Nf4 Bc6 18.Qc2 Ne4 19.Nd3 Qe7 20.Rfc1 h5 21.Qa2 Rfd8 22.Nf4 Qd7
23.h4 Kh7 24.Bf1 Bh6 25.Kh2 f6 26.Bh3 Nxc3 27.Rxc3 Bxf4 28.exf4 Re8 29.Qd2 Re7
30.Re1 Rxe1 31.Qxe1 Re8 32.Re3 Rxe3 33.Qxe3 Qe8 34.Qxe8 Bxe8 35.Bg2 Bc6 36.Kg1 Kg7
37.Kf1 Kf7 38.Ke2 Ke6 39.Kd2 Kd6 40.Bf1 Bb5 41.Bg2 Ke6 42.Bf3 Kd6 43.Bd1 Kd7
44.Bb3 Kd6 45.Bc2 Ke6 46.Ke3 Bc4 47.f3 Bb5  1/2-1/2

[Event "Czech Open A"]
[Site "Pardubice CZE"]
[Date "2006.07.29"]
[Round "9"]
[White "Pokorny,P"]
[Black "Burtasova,A"]
[Result "1-0"]
[WhiteElo "2208"]
[BlackElo "2311"]

1.d4 Nf6 2.Bg5 c5 3.Nc3 cxd4 4.Qxd4 Nc6 5.Qh4 b5 6.Bxf6 gxf6 7.e3 b4 8.Nd5 Qa5
9.Bc4 Bb7 10.Nf3 Ne5 11.Nxe5 Bxd5 12.Qd4 fxe5 13.Qxd5 Qxd5 14.Bxd5 Rc8 15.Bb3 Rg8
16.O-O e4 17.a3 a5 18.axb4 axb4 19.Ra7 Rg5 20.Rd1 Bg7 21.Rdxd7 Bf6 22.g3 Kf8
23.Rab7 Ra8 24.Kg2 h5 25.Rxb4 Bxb2 26.Bd5 Ba3 27.Rxe4 Rc8 28.Bb3 Bd6 29.Ra7 Rcc5
30.Raa4 Rg6 31.Rad4 Rgg5 32.Rb4 Be5 33.f4 Bd4 34.exd4  1-0

[Event "Czech Open B2"]
[Site "Pardubice CZE"]
[Date "2006.07.29"]
[Round "9"]
[White "Karhanek,P"]
[Black "Hellwig,T"]
[Result "1-0"]
[WhiteElo "2144"]
[BlackElo "2079"]

1.d4 Nf6 2.Bg5 d5 3.e3 c6 4.Nd2 Bf5 5.Bd3 Bg6 6.Ngf3 Nbd7 7.O-O Qc7 8.Qe2 e6
9.Rfe1 Bd6 10.Bxg6 hxg6 11.h3 Ne4 12.Nxe4 dxe4 13.Nd2 f6 14.Bf4 Bxf4 15.exf4 f5
16.f3 O-O-O 17.Qe3 Rh4 18.fxe4 fxe4 19.Nxe4 Rxf4 20.Ng5 Nf8 21.Nxe6 Nxe6
22.Qxe6+ Kb8 23.c3 Rf6 24.Qg4 a6 25.Re6 Qf7 26.Rae1 Rd5 27.Qg3+ Ka7 28.Re7 Rf1+
29.Kh2 Qf5 30.Rxf1 Qxf1 31.Qc7 Rb5 32.b4 Qa1 33.Qxc6 Rb6 34.Qc7 Qxa2 35.Rxg7 Qd2
36.Rf7 Qe3 37.d5 Qe4 38.Rf8  1-0

[Event "Czech Open A"]
[Site "Pardubice CZE"]
[Date "2006.07.29"]
[Round "9"]
[White "Limontas,M"]
[Black "Bochkarev,A RUS"]
[Result "0-1"]
[WhiteElo "2277"]
[BlackElo "2440"]

1.d4 d5 2.Bg5 Nf6 3.Bxf6 exf6 4.e3 Bd6 5.c4 dxc4 6.Bxc4 O-O 7.Nc3 Nd7 8.Qf3 c6
9.g4 c5 10.Nge2 cxd4 11.exd4 Rb8 12.Bd3 b5 13.O-O-O Bb7 14.Qh3 g6 15.Ne4 Bb4
16.Qf3 Qa5 17.Kb1 Bd5 18.Nc1 Rfc8 19.Bc2 Rxc2 20.Kxc2 Re8 21.Nxf6+ Nxf6 22.Qxf6 Be4+
23.Rd3 Bxh1 24.f3 Qc7+ 25.Kb1 Rc8  0-1

[Event "Dutch Open"]
[Site "Dieren NED"]
[Date "2006.08.01"]
[Round "7"]
[White "Bloemhard,R"]
[Black "Sijbesma,R"]
[Result "1-0"]
[WhiteElo "2092"]
[BlackElo "2262"]

1.d4 Nf6 2.Bg5 c5 3.d5 Qb6 4.Nc3 Qxb2 5.Bd2 Qb6 6.e4 d6 7.f4 g6 8.e5 Ng8
9.Rb1 Qd8 10.Bb5+ Bd7 11.Qe2 dxe5 12.fxe5 Bg7 13.Nf3 Nh6 14.e6 fxe6 15.dxe6 Bc6
16.O-O O-O 17.Rbd1 Qc7 18.Bxh6 Bxh6 19.Ne5 Bf4 20.Nf7 a6 21.Bd3 Kg7 22.Be4 Bxh2+
23.Kh1 Bf4 24.Qf2 Bg5 25.Nd5 Bxd5 26.Rxd5 Bf6 27.Qd2 Rxf7 28.exf7 Nc6 29.Rxc5 Qg3
30.Qf4 Qa3 31.Rd5 Nd8 32.f8=Q+ Kxf8 33.Qh6+  1-0

[Event "Inline Czechia Cup"]
[Site "Olomouc CZE"]
[Date "2006.08.05"]
[Round "5"]
[White "Cifka,S"]
[Black "Klecker,T"]
[Result "1-0"]
[WhiteElo "2342"]
[BlackElo "1955"]

1.d4 Nf6 2.Bg5 c5 3.Bxf6 gxf6 4.d5 d6 5.e3 Bf5 6.Ne2 Nd7 7.Nd2 Bg7 8.Ng3 Bg6
9.Nh5 Bh6 10.Be2 Rb8 11.a4 O-O 12.O-O Kh8 13.Re1 Rg8 14.Nf1 Bxh5 15.Bxh5 Qf8
16.Ng3 Qg7 17.f4 f5 18.Qd3 Nf6 19.Bf3 Qg6 20.Nxf5 Bf8 21.Rad1 c4 22.Nxe7 Bxe7
23.Qd4 a6 24.e4 Qg7 25.Qxc4 Rbc8 26.Qe2 Nd7 27.e5 dxe5 28.fxe5 Bc5+ 29.Kh1 Rce8
30.e6 fxe6 31.dxe6 Nf8 32.Qc4 Be7 33.b4 Ng6 34.Bxb7 Bh4 35.Bc6 Bxe1 36.Bxe8 Ne5
37.Qe4 Bxb4 38.Bf7 Ng4 39.Qd4 Qxd4 40.Rxd4 Bc5 41.Bxg8 Bxd4 42.e7 Nf6 43.Bf7 Kg7
44.e8=Q Nxe8 45.Bxe8 a5 46.g4 Kf6 47.Kg2 Kg5 48.Kf3 Be5 49.Bb5 Bc3 50.Bd7 Kh4
51.Bf5 h6 52.Ke4 Kg5 53.Kd3 Be1 54.c4 Kf6 55.c5 Ke5 56.Kc4 Bf2 57.Bd7 Be3
58.c6 Kd6 59.Kd3 Bb6 60.Ke4 Ke7 61.Kf5 Kf7 62.Be6+ Ke7 63.Bd5 Kd6 64.Bf3 Be3
65.Kg6 Bf4 66.h4 Ke7 67.g5 hxg5 68.hxg5 Kf8 69.Kf6 Bc7 70.g6 Bd8+ 71.Ke6 Kg7
72.Be4  1-0

[Event "HZ Open"]
[Site "Vlissingen NED"]
[Date "2006.08.06"]
[Round "3"]
[White "Berg,K"]
[Black "Berens,T"]
[Result "1-0"]
[WhiteElo "2393"]
[BlackElo "2071"]

1.d4 Nf6 2.Bg5 d5 3.e3 e6 4.Nd2 Nbd7 5.f4 c5 6.c3 Be7 7.Bd3 h6 8.Bh4 O-O
9.Ngf3 Ng4 10.Bxe7 Qxe7 11.Qe2 f5 12.Ne5 Ngf6 13.Ng6  1-0

[Event "Open"]
[Site "Genova ITA"]
[Date "2006.08.07"]
[Round "1"]
[White "Godart,F"]
[Black "Cehic,G"]
[Result "0-1"]
[WhiteElo "1952"]
[BlackElo "2136"]

1.d4 Nf6 2.Bg5 d5 3.Bxf6 exf6 4.e3 c5 5.Nf3 Nc6 6.Nc3 cxd4 7.Nxd4 Bb4 8.Nxc6 bxc6
9.Be2 O-O 10.O-O Be6 11.a3 Bd6 12.Bf3 f5 13.Ne2 Qb6 14.g3 Qxb2 15.Qd3 Qf6
16.Rab1 Rfd8 17.Qa6 Qe7 18.Nd4 Bxa3 19.Nxc6 Qd6 20.Rb3 Bc5 21.Qb7 Rdc8 22.Nd4 a5
23.Nb5 Qd8 24.Rd1 a4 25.Rbd3 Qa5  0-1

[Event "FSIMB August"]
[Site "Budapest HUN"]
[Date "2006.08.10"]
[Round "6"]
[White "Kaufman,R"]
[Black "Brener,I"]
[Result "0-1"]
[WhiteElo "2274"]
[BlackElo "2327"]

1.d4 Nf6 2.Bg5 d5 3.Bxf6 exf6 4.e3 f5 5.c4 dxc4 6.Bxc4 Bd6 7.Nc3 O-O 8.Qc2 c6
9.O-O-O Qa5 10.Nf3 Na6 11.h3 b5 12.Bb3 Nb4 13.Qb1 Qc7 14.g4 g6 15.Nh4 Qe7
16.gxf5 Qxh4 17.fxg6 Qxf2 18.Ne4 Qxe3+ 19.Rd2 Bf4 20.gxh7+ Kg7 21.a3 Bf5  0-1

[Event "107th Annual US Open"]
[Site "Chicago USA"]
[Date "2006.08.10"]
[Round "6"]
[White "Cordova,Em"]
[Black "Tsyganov,I"]
[Result "1-0"]
[WhiteElo "2434"]
[BlackElo "2266"]

1.d4 Nf6 2.Bg5 d5 3.Bxf6 exf6 4.e3 Be6 5.Ne2 Be7 6.g3 O-O 7.Bg2 c6 8.O-O Nd7
9.Nd2 Re8 10.Nf4 f5 11.h3 Nf6 12.Re1 Qd7 13.c3 Bd6 14.Nf1 Ne4 15.f3 Bxf4
16.exf4 Nd6 17.Qc2 b6 18.Ne3 g6 19.Bf1 Rac8 20.Rad1 Qb7 21.b3 c5 22.Qd2 c4
23.bxc4 dxc4 24.d5 Bd7 25.Qd4 Qc7 26.Qf6 Qc5 27.Rd4 b5 28.g4 b4 29.cxb4 Qxb4
30.Re2 Nb5 31.Rxc4 Rxc4 32.Nxc4 Rxe2 33.Bxe2 Qe1+ 34.Bf1 Nc3 35.Qe5 Qg3+
36.Bg2 Bb5 37.Qxc3  1-0

[Event "Valoz Cup"]
[Site "Olomouc CZE"]
[Date "2006.08.10"]
[Round "11"]
[White "Maslak,K"]
[Black "Kraemer,Mart"]
[Result "1-0"]
[WhiteElo "2537"]
[BlackElo "2434"]

1.d4 Nf6 2.Bg5 c5 3.Bxf6 gxf6 4.d5 Qb6 5.Qc1 f5 6.c4 Bg7 7.Nc3 d6 8.e3 Nd7
9.Nge2 Nf6 10.Qc2 Qa5 11.Ng3 b5 12.Bd3 bxc4 13.Bxc4 Rb8 14.O-O O-O 15.Rab1 Qb4
16.Nce2 e6 17.Nf4 e5 18.Nfh5 Nxh5 19.Nxh5 Bh8 20.f4 e4 21.h3 Re8 22.Kh2 Bd7
23.Rg1 Kf8 24.b3 a5 25.Qf2 a4 26.Rbc1 axb3 27.axb3 Ra8 28.Rc2 Ra3 29.Qh4 Ra1
30.Rxa1 Bxa1 31.Nf6 Bxf6 32.Qxf6 Qb6 33.Ra2 Bc8 34.Ra8 Qd8  1-0

[Event "HZ Open"]
[Site "Vlissingen NED"]
[Date "2006.08.10"]
[Round "7"]
[White "Kalisvaart,P"]
[Black "Swinkels,J"]
[Result "0-1"]
[WhiteElo "2195"]
[BlackElo "2034"]

1.d4 Nf6 2.Bg5 c5 3.Nc3 cxd4 4.Qxd4 Nc6 5.Qh4 d6 6.e4 Qa5 7.Bxf6 gxf6 8.O-O-O Bd7
9.f4 Rc8 10.Nf3 Nb4 11.a3 Rxc3 12.bxc3 Na2+ 13.Kd2 Nxc3 14.Re1 Nxe4+ 15.Kd1 f5
16.Bd3 d5 17.Bxe4 dxe4 18.Ne5 Qd5+ 19.Kc1 e6 20.Qh3 Ba4 21.Qc3 Be7 22.Ng6 hxg6
23.Qxh8+ Bf8 24.Qc3 Bc6 25.Kb2 Qb5+ 26.Qb3 Qa5 27.Rd1 Bg7+ 28.Ka2 Qc7 29.g3 Bd5
30.Rxd5 exd5 31.Kb1 Qc6 32.h4 d4 33.h5 e3 34.hxg6 Qxh1+ 35.Ka2 fxg6 36.Qe6+ Kf8
37.Qc8+ Kf7 38.Qc4+ Ke7 39.Qc7+ Ke6 40.Qxg7 Qd5+ 41.Kb2 e2 42.Qg8+ Kd6 43.Qd8+ Kc6
44.Qe8+ Kb6 45.a4 Qc4 46.Qxg6+ Ka5 47.Qxf5+ Kxa4 48.Qd7+ Qb5+  0-1

[Event "FSIMA August"]
[Site "Budapest HUN"]
[Date "2006.08.11"]
[Round "7"]
[White "Konnyu,J"]
[Black "Fruebing,S"]
[Result "1/2-1/2"]
[WhiteElo "2277"]
[BlackElo "2284"]

1.d4 Nf6 2.Bg5 d5 3.Bxf6 exf6 4.e3 Bd6 5.c4 dxc4 6.Bxc4 O-O 7.Ne2 Qe7 8.O-O c6
9.Nbc3 f5 10.Qd3 Nd7 11.Rae1 Nf6 12.Ng3 g6 13.e4 fxe4 14.Ncxe4 Nxe4 15.Rxe4 Qf6
16.Re2 Qf4 17.Qe3 Qh4 18.h3 Bf4 19.Qd3 Bd7 20.Ne4 b5 21.Bb3 Bf5 22.Qf3 Bc7
23.g4 Bxe4 24.Rxe4 a5 25.a3 Bd6 26.Rfe1 a4 27.Ba2 b4 28.axb4 Bxb4 29.Re8 Ra7
30.Rxf8+ Kxf8 31.Re4 Bd6 32.Re6 Qd8 33.Rf6 Kg7 34.Rxf7+ Rxf7 35.Qxf7+ Kh6
36.Qf3 Qd7 37.h4 Kg7 38.Kg2 h6 39.Qe4 h5 40.Qe6 Qxe6 41.Bxe6 a3 42.bxa3 Bxa3
43.Kf3 hxg4+ 44.Bxg4 Be7 45.h5 gxh5 46.Bxh5 c5 47.d5 Bd6 48.Ke4 Kf6  1/2-1/2

[Event "93rd ch-GBR"]
[Site "Swansea WLS"]
[Date "2006.08.11"]
[Round "5"]
[White "Taylor,Mart"]
[Black "Corke,A"]
[Result "1-0"]
[WhiteElo "2332"]
[BlackElo "2179"]

1.d4 Nf6 2.Bg5 c5 3.d5 Ne4 4.Bf4 Qb6 5.Bc1 g6 6.f3 Nd6 7.e4 Bg7 8.Nc3 f5
9.exf5 Nxf5 10.Nh3 O-O 11.Ne4 d6 12.c3 c4 13.Nhf2 Ne3 14.Bxe3 Qxe3+ 15.Qe2 Qxe2+
16.Bxe2 b5 17.a4 Bb7 18.axb5 Bxd5 19.Nd2 Rc8 20.Ra4 Nd7 21.Nxc4 Nc5 22.Ra3 Bf7
23.O-O d5 24.Nd2 Bh6 25.Rd1 Be3 26.Nf1 Bf4 27.Rda1 Bd6 28.b6 a5 29.Rxa5 Rab8
30.Rb5 Be8 31.b7 Rxb7 32.Rxb7 Nxb7 33.Rd1 Bf7 34.Ne3 Rd8 35.Nd3 e5 36.Ng4 g5
37.Ngxe5 Be6 38.Nc6 Rc8 39.Nd4 Bd7 40.g3 Re8 41.Re1 Na5 42.Kf2 Rf8 43.Ra1 Nc4
44.Ra7 Rf7 45.Bd1 h5 46.Ba4 Bxa4 47.Rxa4 Rb7 48.Ra8+ Kh7 49.b3 Nd2 50.Rd8 Rb6
51.Ke2 Nb1 52.Rc8 Ra6 53.Nf5 Ra2+ 54.Ke3 Ba3 55.h4 gxh4 56.Nxh4 Nd2 57.Rc7+ Kg8
58.c4 Nf1+ 59.Kd4 dxc4 60.bxc4 Nxg3 61.c5 Rc2 62.Ng6 Re2 63.Ra7 Nf5+ 64.Kd5 Bxc5
65.Nxc5 Rg2 66.Ke5 Rxg6 67.Kxf5 Rg3 68.f4 h4 69.Ne4 Re3 70.Nf6+ Kf8 71.Rh7 h3
72.Kg4 Re6 73.Nd7+ Ke8 74.Ne5 h2 75.Rxh2 Ke7 76.Rh7+ Kd6 77.Rd7+ Kc5 78.Rd1 Ra6
79.Kg5 Ra2 80.f5 Rg2+ 81.Kf6  1-0

[Event "107th Annual US Open"]
[Site "Chicago USA"]
[Date "2006.08.12"]
[Round "8"]
[White "Cordova,Em"]
[Black "Benjamin,Joe"]
[Result "1-0"]
[WhiteElo "2434"]
[BlackElo "2552"]

1.d4 Nf6 2.Bg5 d5 3.e3 c6 4.Nd2 Qb6 5.Rb1 Bf5 6.Bd3 Bg6 7.f4 Bxd3 8.cxd3 Nbd7
9.Ngf3 h6 10.Bxf6 exf6 11.O-O Bd6 12.b4 a6 13.Qb3 O-O 14.Nh4 Rfe8 15.Qd1 Bf8
16.Qg4 Re6 17.Rf3 Rae8 18.Nf1 Qb5 19.Rd1 Qxb4 20.Rg3 c5 21.Nf5 g6 22.Nh4 R6e7
23.Nf5 cxd4 24.Nxe7+ Rxe7 25.f5 g5 26.Qxd4 Qxd4 27.exd4 Re2 28.Re3 Rxa2 29.Re8 h5
30.Rd8 Nb6 31.Re1  1-0

[Event "Empresa B"]
[Site "Montreal CAN"]
[Date "2006.08.12"]
[Round "5"]
[White "Lawson,E"]
[Black "Krnan,T"]
[Result "0-1"]
[WhiteElo "2393"]
[BlackElo "2399"]

1.d4 Nf6 2.Bg5 c5 3.Bxf6 gxf6 4.d5 Qb6 5.Qc1 f5 6.g3 Bg7 7.c3 d6 8.Nd2 Nd7
9.Nc4 Qa6 10.Ne3 Ne5 11.f4 Nc4 12.Nxc4 Qxc4 13.Qd2 b5 14.e3 Qa4 15.Nf3 Bb7
16.Bg2 b4 17.cxb4 Qxb4 18.Qxb4 cxb4 19.O-O-O Rc8+ 20.Kb1 e6 21.Nd4 Ke7 22.Nb5 Rc5
23.Nd4 Rhc8 24.Rhe1 Bxd5 25.Bxd5 Rxd5 26.Nc2 Rb5 27.Nd4 Rbc5 28.Rd2 a5 29.Nb3 Rb5
30.Nd4 Rd5 31.Nb3 Rxd2 32.Nxd2 d5 33.Rc1 Rxc1+ 34.Kxc1 Kd6 35.Nf3 d4 36.exd4 Kd5
37.Kc2 Bxd4 38.b3 f6 39.Kd3 e5 40.Nxd4 exd4 41.h3 h6 42.g4 fxg4 43.hxg4 f5
44.g5 hxg5 45.fxg5 Ke5 46.Ke2 f4 47.Kf3 d3 48.g6 Kf6 49.Kxf4 d2 50.g7 Kxg7  0-1